Statistics for Countries With Most Expensive Gasoline

Click here to take the quiz!

General Stats

  • This quiz has been taken 610 times
  • The average score is 14 of 20

Answer Stats

US$Country% Correct
8.25United Kingdom
95%
7.90France
91%
8.50Germany
90%
7.89Sweden
90%
9.34Italy
88%
9.79Norway
88%
8.44Finland
87%
7.51Switzerland
85%
9.14Denmark
84%
9.46Netherlands
83%
8.68Belgium
80%
8.15Ireland
78%
8.56Portugal
73%
8.81Greece
69%
8.47Turkey
55%
7.74Slovenia
51%
7.52Slovakia
49%
7.66Malta
41%
8.28Israel
37%
7.53Cyprus
34%

Score Distribution

Percentile by Number Answered

Percent of People with Each Score

Your Score History

You have not taken this quiz